000 00896nam a22003137a 4500
001 BR7101087
003 BR-BrBNA
005 20230928083728.0
007 ta
008 230509b bl.||||| |||| 00| 0 por d
040 _aBR-BrBNA
_bpor
_cBiblioteca Nacional de Agricultura
041 _a(Por)
072 _aH10
_b0230
_b4010
_b/G514
090 _ 0230 BR7101087
100 1 _aBotelho, P.S.M.
100 1 _aDegaspari, N.
110 1 _aPrograma Nacional de Melhoramento da Cana-de-Acucar, Piracicaba, SP (Brasil)
245 1 _aPrincipais pragas da cana-de-acucar [Brasil]
260 3 _aPiracicaba, SP (Brasil):
_c[nd].
300 _a41 p.
500 _aPublished after 1970
650 _aCANA DE ACUCAR
650 _aPRAGA DE PLANTA
650 _aINSETICIDA
650 _aCONTROLE QUIMICO
650 _aCONTROLE BIOLOGICO
909 _a202309
_bLucia
_c55
_dLucia Elande
942 _cBK
999 _c14968
_d14968